<?xml version="1.0" encoding="UTF-8"?>
<record
    xmlns:xsi="http://www.w3.org/2001/XMLSchema-instance"
    xsi:schemaLocation="http://www.loc.gov/MARC21/slim http://www.loc.gov/standards/marcxml/schema/MARC21slim.xsd"
    xmlns="http://www.loc.gov/MARC21/slim">

  <leader>00906nam a22002657a 4500</leader>
  <controlfield tag="005">20250416212601.0</controlfield>
  <controlfield tag="008">240925b        |||||||| |||| 00| 0 eng d</controlfield>
  <datafield tag="017" ind1=" " ind2=" ">
    <subfield code="a">LD.0332</subfield>
  </datafield>
  <datafield tag="018" ind1=" " ind2=" ">
    <subfield code="a">2024</subfield>
  </datafield>
  <datafield tag="020" ind1=" " ind2=" ">
    <subfield code="a">9789789987931</subfield>
  </datafield>
  <datafield tag="040" ind1=" " ind2=" ">
    <subfield code="a">NLN</subfield>
    <subfield code="b">English</subfield>
    <subfield code="e">AACR2</subfield>
  </datafield>
  <datafield tag="050" ind1=" " ind2=" ">
    <subfield code="a">DT515.73.E28</subfield>
    <subfield code="b">E21</subfield>
  </datafield>
  <datafield tag="082" ind1=" " ind2=" ">
    <subfield code="a">920.7</subfield>
  </datafield>
  <datafield tag="100" ind1=" " ind2=" ">
    <subfield code="a">FILATEI, Akpodigha</subfield>
    <subfield code="e">aut</subfield>
    <subfield code="9">59273</subfield>
  </datafield>
  <datafield tag="245" ind1=" " ind2=" ">
    <subfield code="a">Edebo :</subfield>
    <subfield code="b">the portrait of an uncommon matriarch / </subfield>
    <subfield code="c">Akpodigha Filatei and Kennedy Ikantu Peretei</subfield>
  </datafield>
  <datafield tag="260" ind1=" " ind2=" ">
    <subfield code="a">Surulere, Lagos State (34 Gbajumo Close, off Adeniran Ogunsanya) :</subfield>
    <subfield code="b">Masobe Books and Logistics,</subfield>
    <subfield code="c">2023</subfield>
  </datafield>
  <datafield tag="300" ind1=" " ind2=" ">
    <subfield code="a">xxxi, 119p. :</subfield>
    <subfield code="b">ill., Ports. ; 21cm.</subfield>
  </datafield>
  <datafield tag="500" ind1=" " ind2=" ">
    <subfield code="a">Bibliography: p.107-108</subfield>
  </datafield>
  <datafield tag="563" ind1=" " ind2=" ">
    <subfield code="a">(pbk.)</subfield>
  </datafield>
  <datafield tag="650" ind1=" " ind2=" ">
    <subfield code="a">Egbekun, Edebo, 1885-1967</subfield>
    <subfield code="9">59274</subfield>
  </datafield>
  <datafield tag="650" ind1=" " ind2=" ">
    <subfield code="a">Traders</subfield>
    <subfield code="v">Nigeria</subfield>
    <subfield code="x">Biography</subfield>
    <subfield code="9">59275</subfield>
  </datafield>
  <datafield tag="700" ind1=" " ind2=" ">
    <subfield code="a">Peretei, Kennedy Ikantu</subfield>
    <subfield code="e">aut</subfield>
    <subfield code="9">59276</subfield>
  </datafield>
  <datafield tag="856" ind1=" " ind2=" ">
    <subfield code="u">www.masobebooks.com</subfield>
  </datafield>
  <datafield tag="942" ind1=" " ind2=" ">
    <subfield code="c">BK</subfield>
    <subfield code="n">0</subfield>
  </datafield>
  <datafield tag="999" ind1=" " ind2=" ">
    <subfield code="c">31046</subfield>
    <subfield code="d">31046</subfield>
  </datafield>
  <datafield tag="952" ind1=" " ind2=" ">
    <subfield code="0">0</subfield>
    <subfield code="1">0</subfield>
    <subfield code="2">lcc</subfield>
    <subfield code="4">0</subfield>
    <subfield code="7">0</subfield>
    <subfield code="a">EKI</subfield>
    <subfield code="b">MAIN</subfield>
    <subfield code="d">2024-10-08</subfield>
    <subfield code="e">Legal deposit</subfield>
    <subfield code="i">439557</subfield>
    <subfield code="l">0</subfield>
    <subfield code="o">DT515.73.E28 E21</subfield>
    <subfield code="p">439557</subfield>
    <subfield code="r">2024-10-08 09:46:18</subfield>
    <subfield code="t">1</subfield>
    <subfield code="w">2024-10-08</subfield>
    <subfield code="y">BK</subfield>
  </datafield>
  <datafield tag="952" ind1=" " ind2=" ">
    <subfield code="0">0</subfield>
    <subfield code="1">0</subfield>
    <subfield code="2">lcc</subfield>
    <subfield code="4">0</subfield>
    <subfield code="7">0</subfield>
    <subfield code="a">PH</subfield>
    <subfield code="b">MAIN</subfield>
    <subfield code="d">2024-10-08</subfield>
    <subfield code="e">Legal deposit</subfield>
    <subfield code="i">439556</subfield>
    <subfield code="l">0</subfield>
    <subfield code="o">DT515.73.E28 E21</subfield>
    <subfield code="p">439556</subfield>
    <subfield code="r">2024-10-08 09:46:57</subfield>
    <subfield code="t">1</subfield>
    <subfield code="w">2024-10-08</subfield>
    <subfield code="y">BK</subfield>
  </datafield>
  <datafield tag="952" ind1=" " ind2=" ">
    <subfield code="0">0</subfield>
    <subfield code="1">0</subfield>
    <subfield code="2">lcc</subfield>
    <subfield code="4">0</subfield>
    <subfield code="7">0</subfield>
    <subfield code="a">ABJ</subfield>
    <subfield code="b">MAIN</subfield>
    <subfield code="d">2025-04-14</subfield>
    <subfield code="e">Legal deposit</subfield>
    <subfield code="i">439558</subfield>
    <subfield code="l">0</subfield>
    <subfield code="o">DT515.73.E28 E21</subfield>
    <subfield code="p">439558</subfield>
    <subfield code="r">2025-04-14 09:26:33</subfield>
    <subfield code="t">1</subfield>
    <subfield code="w">2025-04-14</subfield>
    <subfield code="y">BK</subfield>
  </datafield>
</record>
